| 000 | 00985cam a22002771 4500 | ||
|---|---|---|---|
| 001 | sd 48000051 | ||
| 003 | DLC | ||
| 005 | 20260227112735.0 | ||
| 008 | 801208s1948 dcu f000 0 eng | ||
| 010 | _asd 48000051 | ||
| 035 | _a(OCoLC)7012183 | ||
| 040 |
_aDLC _cViAlUNJ _dViAlUNJ _dOCoLC _dDLC |
||
| 042 | _apremarc | ||
| 050 | 0 | 0 |
_aD753.2.R9 _bA5 1948 |
| 110 | 1 |
_aUnited States. _bDepartment of State. |
|
| 245 | 1 | 0 | _aSoviet supply protocols. |
| 260 |
_aWashington, _bU.S. Govt. Print. Off., _c[1948] |
||
| 300 |
_aviii, 156 p. _c24 cm. |
||
| 490 | 1 |
_aIts Publication 2759. European series, _v22 |
|
| 500 | _aAt head of title: Wartime international agreements. | ||
| 650 | 0 |
_aWorld War, 1939-1945 _xEquipment and supplies. |
|
| 650 | 0 |
_aWorld War, 1939-1945 _vTreaties. |
|
| 650 | 0 | _aLend-lease operations (1941-1945) | |
| 810 | 1 |
_aUnited States. _bDepartment of State. _tPublication ; _vno. 2759. |
|
| 810 | 1 |
_aUnited States. _bDepartment of State. _tEuropean series ; _vno. 22 |
|
| 999 |
_c89988 _d89988 |
||